Formación de subjetividades : alcances y desafíos de la escolaridad no tradicional en Bogotá = Shaping subjectivities : scope and challenges of non-traditional schooling in Bogotá /

Detalles Bibliográficos
Otros Autores: Valderrama Leongómez, Mariana (Editor), Farieta-Barrera, Alejandro (Editor), Murillo Lara, Luis Alejandro (Editor)
Formato: Electrónico eBook
Lenguaje:español
inglés
Publicado: Bogotá, Colombia : Editorial Uniagustiniana, 2018.
Colección:Colección Educación (Editorial Uniagustiniana). Libros de investigación.
Materias:
Acceso en línea:Digitalia Hispánica

MARC

LEADER 00000nam a2200000Ii 4500
001 DIGUAGANA0033
003 NyNyDIG
006 m o d
007 cr |||||||||||
008 250115s2018 ck a ob 000 0 spa d
035 |a (OCoLC)1202545862 
040 |a DGITA  |b eng  |e rda  |e pn  |c DGITA 
020 |a 9789585498037  |q (digital) 
020 |z 9789585498020  |q (impreso) 
041 0 |a spa  |a eng  |b spa  |b eng 
043 |a s-ck--- 
050 1 4 |a LC5258.C6 ebook 
245 0 0 |a Formación de subjetividades :  |b alcances y desafíos de la escolaridad no tradicional en Bogotá = Shaping subjectivities : scope and challenges of non-traditional schooling in Bogotá /  |c Mariana Valderrama Leongómez, Alejandro Farieta-Barrera, Luis Alejandro Murillo Lara (editores). 
246 1 |i English title on cover:  |a Shaping subjectivities :  |b scope and challenges of non-traditional schooling in Bogotá 
264 1 |a Bogotá, Colombia :  |b Editorial Uniagustiniana,  |c 2018. 
300 |a 1 online resource :  |b illustrations. 
336 |a text  |b txt  |2 rdacontent 
337 |a computer  |b c  |2 rdamedia 
338 |a online resource  |b cr  |2 rdacarrier 
347 |a text file  |2 rdaft 
347 |b PDF 
490 1 |a Colección Educación. Libros de investigación 
504 |a Includes bibliographical references. 
546 |a Text in Spanish and English with abstract in Spanish and English. 
588 0 |a Online resource; title from PDF title page (Digitalia, viewed January 15, 2025) 
650 0 |a Popular education  |z Colombia  |z Bogotá. 
650 0 |a Education  |x Philosophy  |z Colombia  |z Bogotá. 
650 0 |a Subjectivity. 
700 1 |a Valderrama Leongómez, Mariana,  |e editor.  
700 1 |a Farieta-Barrera, Alejandro,  |e editor.  
700 1 |a Murillo Lara, Luis Alejandro,  |e editor.  
776 0 8 |i Print version:  |t Formación de subjetividades.  |d Bogotá, Colombia : Editorial Uniagustiniana, 2018  |z 9789585498020 
791 2 |a Digitalia (Firm),  |e distributor. 
793 0 |g Digitalia eBook Collection:  |a Editorial Uniagustiniana 
830 0 |a Colección Educación (Editorial Uniagustiniana).  |p Libros de investigación. 
856 4 0 |3 Digitalia Hispánica  |u https://www.digitaliapublishing.com/a/170027/ 
910 |a Premium collection: 2025